[Event "Prague Summer op-B 3rd"]
[Site "Prague"]
[Date "2016.08.07"]
[Round "3"]
[White "Gravina, Giuseppe"]
[Black "Thorat, Aishwarya"]
[Result "1-0"]
[WhiteElo "1728"]
[BlackElo "1466"]
[PlyCount "53"]
[EventDate "2016.08.05"]
[EventType "swiss"]
[EventRounds "9"]
[EventCountry "CZE"]
[SourceTitle "CBM 173 Extra"]
[Source "ChessBase"]
[SourceDate "2016.08.29"]
[SourceVersion "1"]
[SourceVersionDate "2016.08.29"]
[SourceQuality "1"]

1. d4 g6 2. c4 Bg7 3. Nc3 d6 4. e4 Nf6 5. Be2 0-0 6. Bg5 h6 7. Be3 Nbd7 8. Qd2 Kh7 9. f4 e5 10. Nf3 Re8 11. fxe5 dxe5 12. d5 Qe7 13. 0-0 Ng4 14. Ng5+ hxg5 15. Bxg4 Nb6 16. Be2 g4 17. c5 Nd7 18. d6 cxd6 19. cxd6 Qf8 20. Nb5 Rd8 21. Nc7 Rb8 22. Bxa7 Nf6 23. Bxb8 Rxd6 24. Nd5 Rd7 25. Rxf6 Rxd5 26. Qxd5 Bxf6 27. Bxe5 1-0

[Event "IND-chB (Women) 41st"]
[Site "Mapusa"]
[Date "2014.09.07"]
[Round "1"]
[White "Padmini, Rout"]
[Black "Thorat, Aishwarya"]
[Result "1-0"]
[WhiteElo "2354"]
[BlackElo "1468"]
[PlyCount "85"]
[EventDate "2014.09.07"]
[EventType "swiss"]
[EventRounds "11"]
[EventCountry "IND"]
[SourceTitle "CBM 162 Extra"]
[Source "ChessBase"]
[SourceDate "2014.10.17"]
[SourceVersion "1"]
[SourceVersionDate "2014.10.17"]
[SourceQuality "1"]

1. e4 c6 2. d4 d5 3. e5 c5 4. Nf3 Nc6 5. dxc5 e6 6. Bd3 Bxc5 7. a3 Nge7 8. b4 Bb6 9. Bb2 a6 10. Nbd2 Bc7 11. Qe2 b5 12. 0-0 Bb7 13. Nb3 Ng6 14. g3 0-0 15. h4 Bb6 16. Ng5 h6 17. Nxe6 fxe6 18. Bxg6 Ne7 19. Bd3 Nf5 20. Bxf5 Rxf5 21. Bd4 Rc8 22. Qe3 Rc6 23. Bxb6 Rxb6 24. Nd4 Rf8 25. Rab1 Bc8 26. Rb3 Bd7 27. Rc3 Qb8 28. Rc5 Rc8 29. f4 Rb7 30. Nb3 Rbc7 31. Rxc7 Rxc7 32. Nc5 Qa7 33. f5 a5 34. Qf2 exf5 35. e6 Bc6 36. Qxf5 Re7 37. Qf8+ Kh7 38. Rf7 Rxf7 39. exf7 axb4 40. Qg8+ Kg6 41. f8Q bxa3 42. Qe6+ Kh7 43. Qfg8# 1-0

[Event "IND-chT (Women) 11th"]
[Site "Hyderabad"]
[Date "2013.02.22"]
[Round "3.2"]
[White "Thorat, Aishwarya"]
[Black "Meenakshi, Subbaraman"]
[Result "0-1"]
[WhiteElo "1345"]
[BlackElo "2249"]
[PlyCount "82"]
[EventDate "2013.02.20"]
[EventType "team-swiss"]
[EventRounds "7"]
[EventCountry "IND"]
[SourceTitle "CBM 153 Extra"]
[Source "ChessBase"]
[SourceDate "2013.04.22"]
[SourceVersion "1"]
[SourceVersionDate "2013.04.22"]
[SourceQuality "1"]
[WhiteTeam "Goa (W)"]
[BlackTeam "Air India (W)"]
[WhiteTeamCountry "IND"]
[BlackTeamCountry "IND"]

1. d4 d5 2. c4 dxc4 3. Nf3 Nf6 4. g3 e6 5. Bg2 c5 6. Qa4+ Bd7 7. Qxc4 Nc6 8. dxc5 Qa5+ 9. Nc3 Qxc5 10. Qxc5 Bxc5 11. 0-0 0-0 12. Rd1 Rfd8 13. Bg5 Be8 14. a3 h6 15. Bf4 g5 16. Bd2 a6 17. Na4 Ba7 18. Rac1 g4 19. Ne1 Nd4 20. Nc3 Ba4 21. Bxh6 Bxd1 22. Rxd1 Nxe2+ 23. Kf1 Nxc3 24. Rxd8+ Rxd8 25. bxc3 b5 26. Nc2 Nd5 27. Nb4 Nxc3 28. Nc2 Rd1+ 29. Ne1 Ra1 30. Bd2 Ra2 31. Be3 Bxe3 32. fxe3 Nd1 33. Bb7 Nxe3+ 34. Kg1 a5 35. Bc6 b4 36. axb4 axb4 37. Nd3 b3 38. Be4 f5 39. Bc6 Rd2 40. Ne5 b2 41. Nxg4 b1Q# 0-1